00807nam a2200217Ia 4500003000900000008004100009020001800050040001600068080001600084111008700100245022400187260003900411300001600450650002000466650001700486650001600503650002000519650001400539700001800553700001800571IN-BaIIA211028s9999 xx 000 0 eng d a981-238-284-4 cIIA Library a524.834bHE aSymposium on Cosmology and Particle Astrophysics-2002cTaiwand2002 May 31- Jun. 2 0aCosmology and particle astrophysicsbproceedings of the COSPA 2002 International symposium held in Taipei, Taiwan, May 31- June 2, 2002cedited by X-G. He and Ng, K-W  aNew JerseybWorld Scientificc2003 aviii, 332p. aActive galaxies aBaryogenesis aCosmic rays aGalaxy clusters aNeutrinos aHe, X-G., ed. aNg, K-W., ed.